Problémy súvisiace s obnovou alebo výmenou okien

Salvato in:
Dettagli Bibliografici
Autore principale: Iringová, Agnesa, 1962- (Autore)
Natura: Libro
Pubblicazione: Bratislava : Verlag Dashöfer, 2008
Soggetti:
Tags: Aggiungi Tag
Nessun Tag, puoi essere il primo ad aggiungerne!!

MARC

LEADER 00000nam a22000003a 4500
001 stu164811
005 20230301071101.3
008 080605s2008----------------------------d
040 |a STU  |b slo 
100 1 |a Iringová, Agnesa,  |d 1962-  |4 aut  |u A2120  |9 100  |U FAD Fakulta architektúry  |T FA Ústav ekologickej a experimentálnej architektúry  |X 4194  |U A2120  |Y 393  |7 A000004194 
245 1 |a Problémy súvisiace s obnovou alebo výmenou okien 
260 |a Bratislava :  |b Verlag Dashöfer,  |c 2008 
300 |a 40 s 
650 7 |a okná  |2 stusub 
996 |b 284AB00908  |c A*2896 B  |l AAKNST  |s P  |a 0  |w stu164811_0001